
Library Catalogue

| 000 -LEADER | |
|---|---|
| fixed length control field | 02265cam a2200313 i 4500 |
| 001 - CONTROL NUMBER | |
| control field | 17434357 |
| 005 - DATE AND TIME OF LATEST TRANSACTION | |
| control field | 20251229093713.0 |
| 008 - FIXED-LENGTH DATA ELEMENTS--GENERAL INFORMATION | |
| fixed length control field | 120817s2013 nyu b 001 0 eng |
| 010 ## - LIBRARY OF CONGRESS CONTROL NUMBER | |
| LC control number | 2012032444 |
| 020 ## - INTERNATIONAL STANDARD BOOK NUMBER | |
| International Standard Book Number | 9780814758908 |
| 020 ## - INTERNATIONAL STANDARD BOOK NUMBER | |
| International Standard Book Number | 9780814758915 |
| 035 ## - SYSTEM CONTROL NUMBER | |
| System control number | 17434357 |
| 082 00 - DEWEY DECIMAL CLASSIFICATION NUMBER | |
| Classification number | 907.2 NAD |
| 245 00 - TITLE STATEMENT | |
| Title | Making women's histories : |
| Remainder of title | beyond national perspectives / |
| Statement of responsibility, etc. | edited by Pamela S. Nadell and Kate Haulman. |
| 264 #1 - PRODUCTION, PUBLICATION, DISTRIBUTION, MANUFACTURE, AND COPYRIGHT NOTICE | |
| Place of production, publication, distribution, manufacture | New York : |
| Name of producer, publisher, distributor, manufacturer | New York University Press, |
| Date of production, publication, distribution, manufacture, or copyright notice | 2013. |
| 300 ## - PHYSICAL DESCRIPTION | |
| Extent | x, 278 p. ; |
| Dimensions | 25 cm |
| 338 ## - CARRIER TYPE | |
| Carrier type term | volume |
| Source | rdacarrier |
| 505 0# - FORMATTED CONTENTS NOTE | |
| Formatted contents note | Writing Women's History across Time and Space : Introduction / Pamela S. Nadell and Kate Haulman -- [part 1]. Imagining New Histories : Late-Twentieth-Century Trajectories -- Women's Past and the Currents of U.S. History / Kathy Peiss -- New Directions in Russian and Soviet Women's History / Barbara Alpern Engel -- Africa : Using Women and Gender to Put the Political in Economy, 1992-2010 / Claire Robertson -- Sexual Crises, Women's History, and the History of Sexuality in Europe / Anna Clark -- [part 2]. Engendering National and Nationalist Projects -- Gender and the Politics of Exceptionalism in the Writing of British Women's History / Arianne Chernock -- Amateur Historians, the "Woman Question," and the Production of Modern History in Turn-of-the-Twentieth-Century Egypt / Lisa Pollard -- Women's and Gender History in Modern India : Researching the Past, Reflecting on the Present / Mytheli Sreenivas -- [part 3]. Exploring Transnational Approaches -- World History Meets History of Masculinity in Latin American Studies / Ulrike Strasser and Heidi Tinsman -- Connecting histories of Gender, Health, and U.S.-China Relations / Cristina Zaccarini -- A Happier Marriage? Feminist History Takes the Transnational Turn / Jocelyn Olcott. |
| 650 #0 - SUBJECT ADDED ENTRY--TOPICAL TERM | |
| Topical term or geographic name entry element | Women |
| General subdivision | Historiography. |
| 650 #0 - SUBJECT ADDED ENTRY--TOPICAL TERM | |
| Topical term or geographic name entry element | Sex role |
| General subdivision | Historiography. |
| 650 #0 - SUBJECT ADDED ENTRY--TOPICAL TERM | |
| Topical term or geographic name entry element | World history |
| General subdivision | Historiography. |
| 650 #0 - SUBJECT ADDED ENTRY--TOPICAL TERM | |
| Topical term or geographic name entry element | Historiography |
| General subdivision | Social aspects. |
| 650 #0 - SUBJECT ADDED ENTRY--TOPICAL TERM | |
| Topical term or geographic name entry element | Historiography |
| General subdivision | Political aspects. |
| 650 #0 - SUBJECT ADDED ENTRY--TOPICAL TERM | |
| Topical term or geographic name entry element | Women historians. |
| 700 1# - ADDED ENTRY--PERSONAL NAME | |
| Personal name | Nadell, Pamela Susan. |
| 700 1# - ADDED ENTRY--PERSONAL NAME | |
| Personal name | Haulman, Kate. |
| 856 ## - ELECTRONIC LOCATION AND ACCESS | |
| Uniform Resource Identifier | <a href="https://library.oapen.org/handle/20.500.12657/89449">https://library.oapen.org/handle/20.500.12657/89449</a> |
| Public note | Click here to access e-book |
| 942 ## - ADDED ENTRY ELEMENTS (KOHA) | |
| Source of classification or shelving scheme | Dewey Decimal Classification |
| Koha item type | BOOKs |
| Withdrawn status | Lost status | Damaged status | Not for loan | Home library | Current library | Shelving location | Date acquired | Cost, normal purchase price | Total Checkouts | Full call number | Barcode | Date last seen | Price effective from | Koha item type |
|---|---|---|---|---|---|---|---|---|---|---|---|---|---|---|
| . | . | 30.05.2017 | 2116.00 | 907.2 NAD | 35072 | 14.06.2024 | 30.05.2017 | BOOKs |